000 00457nam a2200145Ia 4500
008 100204s9999 xx 000 0 und d
082 _b25644
100 _aदवणे प्रविण
245 _aसावर रे भाग 3
260 _b"नवचैतन्य प्रकाशन, मुंबई"
_c2003
300 _a144
630 _aसावर रे भाग 3
730 _aसावर रे भाग 3
942 _cBOOK
999 _c470825
_d470822